00333pab a2200133 454500008004000000100002600040245002000066260000900086300000900095362001100104650004200115650002800157773001400185180718b2001 xxu||||| |||| 00| 0 eng d aMukherjee, Rudrangshu aOf mice and men c2001 ap.12 a22 Jun aWest Bengal - Politics and government aPolitics and government aTelegraph